00341nam a2200121 a 4500008004100000050002200041100002100063245004400084246003100128260003000159300002100189350000900210120416s1972 ||||||||||||||||| || u aHF 5549.5.R44 Jac aJackson, Matthew10aRecruiting, interviewing, and selecting aa manual for line managers aLondonbMcGraw-Hillc1972 avi, 158p. : ill. a0.00